| 000 | 00681nam a2200253Ia 4500 | ||
|---|---|---|---|
| 003 | OSt | ||
| 005 | 20221007110956.0 | ||
| 006 | a|||||r|||| 00| 0 | ||
| 007 | ta | ||
| 008 | 221006b |||||||| |||| 00| 0 eng d | ||
| 024 | _a22,302 | ||
| 037 | _cTextual | ||
| 040 |
_aLCO _cLCO _beng |
||
| 041 |
_2eng _aeng |
||
| 082 | _aX:938qN65, M2 | ||
| 100 |
_aGhosh P.N. _9343864 |
||
| 245 | 0 | _aCommentaries on Payment of Bonus Act, 1965 Revised by Sh. M.S. Das | |
| 250 | _a2nd | ||
| 260 |
_aDelhi _bDelhi Law House India _c1982 |
||
| 300 | _a495 | ||
| 650 |
_aBONUS ACT _9461664 |
||
| 942 |
_hX:938qN65, M2 _cTEXL |
||
| 999 |
_c1191865 _d1191865 |
||